Coats of Arms of European Capitals - Statistics

General Stats
  • This quiz has been taken 51 times
  • The average score is 24 of 45
Answer Stats
Picture Answer % Correct
Rome
100%
London
92%
Paris
92%
Berlin
90%
Amsterdam
85%
Oslo
82%
Athens
79%
Bern
74%
Madrid
74%
Prague
74%
Vatican City
74%
Vienna
74%
Lisbon
72%
Moscow
72%
Brussels
64%
Copenhagen
64%
Luxembourg
64%
Bucharest
62%
Budapest
62%
Chișinău
62%
Monaco
62%
Stockholm
62%
Helsinki
54%
San Marino
51%
Vilnius
51%
Kyiv
46%
Warsaw
46%
Minsk
44%
Ljubljana
41%
Riga
41%
Tallinn
41%
Dublin
38%
Vaduz
38%
Sofia
36%
Belgrade
31%
Skopje
28%
Andorra la Vella
26%
Bratislava
26%
Podgorica
26%
Zagreb
26%
Reykjavik
23%
Sarajevo
23%
Tirana
23%
Valletta
23%
Pristina
21%
No matching quizzes found
Score Distribution
Percent of People with Each Score
Percentile by Number Answered
Your Score History
You have not taken this quiz